|
|
|
|
| LEADER |
00000nam1a2200000 4500 |
| 001 |
325723 |
| 005 |
20231101023904.0 |
| 035 |
|
|
|a (RuTPU)RU\TPU\book\351338
|
| 090 |
|
|
|a 325723
|
| 100 |
|
|
|a 20161212d1981 km y0rusy50 ca
|
| 101 |
0 |
|
|a rus
|
| 102 |
|
|
|a RU
|
| 200 |
1 |
|
|a Проблемы палеовулканологических реконструкций и картирования в связи с вулканогенным рудообразованием
|e тезисы докладов V Всесоюзного палеовулканического симпозиума, Черкассы, сентябрь й981 года
|e в 2 ч.
|f Академия наук Украинской ССР (АН УССР), Институт геохимии и физики минералов ; Академия наук Украинской ССР (АН УССР), Институт геологических наук (ИГН) ; под ред. И. В. Лучицкого
|
| 210 |
|
|
|a Киев
|c Наукова думка
|d 1981
|
| 702 |
|
1 |
|a Лучицкий
|b И. В.
|4 340
|
| 712 |
0 |
2 |
|a Академия наук Украинской ССР (АН УССР)
|b Институт геохимии и физики минералов
|2 stltpush
|3 (RuTPU)RU\TPU\col\13747
|
| 712 |
0 |
2 |
|a Академия наук Украинской ССР (АН УССР)
|b Институт геологических наук (ИГН)
|c (Киев)
|2 stltpush
|3 (RuTPU)RU\TPU\col\12890
|
| 712 |
1 |
2 |
|a Проблемы палеовулканологических реконструкций и картирования в связи с вулканогенным рудообразованием
|c симпозиум
|d 5
|e Черкассы
|f 1981
|4 570
|
| 801 |
|
1 |
|a RU
|b 63413507
|c 20161212
|
| 801 |
|
2 |
|a RU
|b 63413507
|c 20180926
|g RCR
|
| 942 |
|
|
|c BK
|